<?xml version="1.0" encoding="UTF-8"?>
<record
    xmlns:xsi="http://www.w3.org/2001/XMLSchema-instance"
    xsi:schemaLocation="http://www.loc.gov/MARC21/slim http://www.loc.gov/standards/marcxml/schema/MARC21slim.xsd"
    xmlns="http://www.loc.gov/MARC21/slim">

  <leader>01149nam0a2200337   4500</leader>
  <controlfield tag="001">RU\NLR\bibl\132253</controlfield>
  <controlfield tag="005">20260406001940.0</controlfield>
  <datafield tag="010" ind1=" " ind2=" ">
    <subfield code="a">5-88141-031-9</subfield>
    <subfield code="d">&#x411;. &#x446;.</subfield>
    <subfield code="9">500</subfield>
  </datafield>
  <datafield tag="020" ind1=" " ind2=" ">
    <subfield code="a">RU</subfield>
    <subfield code="b">98-18680</subfield>
    <subfield code="9">&#x41A;&#x43D;&#x438;&#x436;&#x43D;&#x430;&#x44F; &#x43B;&#x435;&#x442;&#x43E;&#x43F;&#x438;&#x441;&#x44C;</subfield>
  </datafield>
  <datafield tag="021" ind1=" " ind2=" ">
    <subfield code="a">RU</subfield>
    <subfield code="b">98-7767</subfield>
    <subfield code="9">370</subfield>
  </datafield>
  <datafield tag="035" ind1=" " ind2=" ">
    <subfield code="a">(NLR Aleph) 000129544</subfield>
  </datafield>
  <datafield tag="090" ind1=" " ind2=" ">
    <subfield code="a">739532</subfield>
    <subfield code="c">739532</subfield>
  </datafield>
  <datafield tag="100" ind1=" " ind2=" ">
    <subfield code="a">19990528d1997    |||y0rusy50      ca</subfield>
  </datafield>
  <datafield tag="101" ind1="0" ind2=" ">
    <subfield code="a">rus</subfield>
  </datafield>
  <datafield tag="102" ind1=" " ind2=" ">
    <subfield code="a">RU</subfield>
  </datafield>
  <datafield tag="105" ind1=" " ind2=" ">
    <subfield code="a">y   |||||||||</subfield>
  </datafield>
  <datafield tag="200" ind1="1" ind2=" ">
    <subfield code="a">&#x416;&#x430;&#x43B;&#x43E;&#x431;&#x43D;&#x430;&#x44F; &#x43A;&#x43D;&#x438;&#x433;&#x430;</subfield>
    <subfield code="e">[&#x421;&#x442;&#x438;&#x445;&#x438;]</subfield>
    <subfield code="f">&#x410;&#x43D;&#x442;&#x43E;&#x43D; &#x421;&#x43E;&#x44F;</subfield>
  </datafield>
  <datafield tag="210" ind1=" " ind2=" ">
    <subfield code="a">&#x421;&#x41F;&#x431;.</subfield>
    <subfield code="c">&#x41F;&#x435;&#x442;&#x440;&#x43E;-&#x420;&#x418;&#x424;</subfield>
    <subfield code="d">1997</subfield>
  </datafield>
  <datafield tag="215" ind1=" " ind2=" ">
    <subfield code="a">[72] &#x441;.</subfield>
    <subfield code="d">15</subfield>
  </datafield>
  <datafield tag="327" ind1="1" ind2=" ">
    <subfield code="a">&#x421;&#x43E;&#x434;&#x435;&#x440;&#x436;.: &#x426;&#x438;&#x43A;&#x43B;&#x44B;: &#x416;&#x430;&#x43B;&#x43E;&#x431;&#x44B; &#x43D;&#x430; &#x441;&#x435;&#x431;&#x44F;; &#x416;&#x430;&#x43B;&#x43E;&#x431;&#x44B; &#x43D;&#x430; &#x442;&#x435;&#x431;&#x44F;; &#x416;&#x430;&#x43B;&#x43E;&#x431;&#x44B; &#x43D;&#x430; &#x432;&#x441;&#x435; &#x43E;&#x441;&#x442;&#x430;&#x43B;&#x44C;&#x43D;&#x43E;&#x435;</subfield>
  </datafield>
  <datafield tag="675" ind1=" " ind2=" ">
    <subfield code="a">882-1&#x421;&#x43E;&#x44F;</subfield>
    <subfield code="v">3</subfield>
    <subfield code="z">rus</subfield>
  </datafield>
  <datafield tag="686" ind1=" " ind2=" ">
    <subfield code="a">17</subfield>
    <subfield code="2">rugasnti</subfield>
  </datafield>
  <datafield tag="686" ind1=" " ind2=" ">
    <subfield code="a">84(2&#x420;&#x43E;&#x441;-&#x420;&#x443;&#x441;)</subfield>
    <subfield code="2">rubbk</subfield>
  </datafield>
  <datafield tag="700" ind1=" " ind2="1">
    <subfield code="4">070</subfield>
    <subfield code="8">rus</subfield>
    <subfield code="7">ca</subfield>
    <subfield code="a">&#x421;&#x43E;&#x44F;</subfield>
    <subfield code="b">&#x410;. &#x412;.</subfield>
    <subfield code="f">1967-</subfield>
    <subfield code="g">&#x410;&#x43D;&#x442;&#x43E;&#x43D; &#x412;&#x43B;&#x430;&#x434;&#x438;&#x43C;&#x438;&#x440;&#x43E;&#x432;&#x438;&#x447;</subfield>
    <subfield code="3">RU\NLR\auth\77111506</subfield>
    <subfield code="9">94431</subfield>
  </datafield>
  <datafield tag="801" ind1=" " ind2="0">
    <subfield code="a">RU</subfield>
    <subfield code="b">RKP</subfield>
    <subfield code="c">19990528</subfield>
    <subfield code="g">PSBO</subfield>
  </datafield>
  <datafield tag="801" ind1=" " ind2="1">
    <subfield code="a">RU</subfield>
    <subfield code="b">RKP</subfield>
    <subfield code="c">19990528</subfield>
  </datafield>
  <datafield tag="801" ind1=" " ind2="2">
    <subfield code="a">RU</subfield>
    <subfield code="b">NLR</subfield>
    <subfield code="c">20120516</subfield>
    <subfield code="g">rcr</subfield>
  </datafield>
  <datafield tag="852" ind1=" " ind2=" ">
    <subfield code="a">NLR</subfield>
    <subfield code="j">2000-1/406</subfield>
  </datafield>
  <datafield tag="942" ind1=" " ind2=" ">
    <subfield code="c">BOOK</subfield>
  </datafield>
  <datafield tag="980" ind1=" " ind2=" ">
    <subfield code="a">NB</subfield>
  </datafield>
  <datafield tag="995" ind1=" " ind2=" ">
    <subfield code="5">2013-10-26</subfield>
    <subfield code="b">NLR01</subfield>
    <subfield code="c">NLR01</subfield>
    <subfield code="e">RF8</subfield>
    <subfield code="f">129544-10</subfield>
    <subfield code="k">2000-1/406</subfield>
    <subfield code="o">0</subfield>
    <subfield code="r">BOOK</subfield>
    <subfield code="s">20001406_</subfield>
  </datafield>
</record>
